00370pab a2200133 454500008004000000100002700040245007700067260000900144300001300153362000800166650002000174700001800194773002400212180718b2011 xxu||||| |||| 00| 0 eng d aAggarwal, Rajesh Kumar aNational Rural Health Mission (NRHM) in Chandigarh: A mid term appraisal c2011 ap.25-40. aDec aHealth services aBansal, Sunil aMan and Development